000 00499nam a2200169Ia 4500
008 110201s9999 xx 000 0 und d
082 _bB9495
_aK 2643
100 _aवर्दे दिपा
245 _aप्रतिशोध
260 _bनिब पब्लिकेशन्स
365 _b210
600 _aवर्दे दिपा
630 _aप्रतिशोध
700 _aवर्दे दिपा
730 _aप्रतिशोध
942 _cBOOK
999 _c834931
_d834928